000
00315nam a2200133Ia 4500
005
20251222155154.0
008
251222s9999||||xx |||||||||||||| ||spa||
082
_a
EBA.51
100
_a
CICAT - SALUD
245
0
_a
Procedimientos especiales en EnfermerÃa
250
_a
No ed.
264
_b
No tiene
942
_c
LIB
999
_c
39676
_d
39676